The Selected problems of measuring competitiveness in conditions of globalization

Gespeichert in:
Bibliographische Detailangaben
1. Verfasser: Tokárová, Mária
Format: Buchkapitel
Sprache:Englisch
Tags: Tag hinzufügen
Keine Tags, Fügen Sie das erste Tag hinzu!

MARC

LEADER 00000naa$a2200000$$$4500
001 0209173
005 20240502073456.2
041 0 |a eng 
044 |a SK 
245 1 0 |a The Selected problems of measuring competitiveness in conditions of globalization  |c Mária Tokárová 
500 |a Abstrakt 
100 1 |a Tokárová, Mária